BYTOVÝ DOM

Salvato in:
Dettagli Bibliografici
Autore principale: Moravčík, Michal (Autore)
Altri autori: Hartman, Peter (Relatore della tesi)
Natura: Manoscritto Libro
Lingua:slovacco
Pubblicazione: 2024
Soggetti:
Accesso online:http://is.stuba.sk/zp/portal_zp.pl?podrobnosti=161804
https://opac.crzp.sk/?fn=detailBiblioForm&sid=D4AFBEDDECE97BC6333D009A1374
Tags: Aggiungi Tag
Nessun Tag, puoi essere il primo ad aggiungerne!!

MARC

LEADER 00000ntm a22000003a 4500
001 stuzp99148
003 SK-STU
005 20240910093413.0
007 ta
008 150427s2015----xo-----f-mn---000-0-slo-d
040 |a STU  |b slo 
041 0 |a slo 
100 1 |a Moravčík, Michal  |u 010180  |4 aut  |U SvF Stavebná fakulta  |T SvF Katedra konštrukcií pozemných stavieb  |X 110072  |U V180  |Y 18  |7 110072 
242 0 1 |a RESIDENTIAL BUILDING  |y eng 
245 1 0 |a BYTOVÝ DOM 
260 |c 2024 
650 4 |a Bytový dom  |2 slo 
650 4 |a Trojúrovňová plochá strecha  |2 slo 
650 4 |a Kaviareň  |2 slo 
650 4 |a Residential building  |2 eng 
650 4 |a Three-level flat roof  |2 eng 
650 4 |a Cafe  |2 eng 
700 1 |a Hartman, Peter  |u 010180  |k Z1  |4 ths  |U SvF Stavebná fakulta  |T SvF Katedra konštrukcií pozemných stavieb  |X 39278  |U V180  |Y 18  |7 A000039278 
856 4 |u http://is.stuba.sk/zp/portal_zp.pl?podrobnosti=161804 
856 4 |u https://opac.crzp.sk/?fn=detailBiblioForm&sid=D4AFBEDDECE97BC6333D009A1374